Διαστάσεις ασφάλειας στην παγκοσμιοποίηση : όψεις καταστολής και απαντήσεις της πολιτικής : πτυχιακή εργασία

Αποθηκεύτηκε σε:
Λεπτομέρειες βιβλιογραφικής εγγραφής
Κύριος συγγραφέας: Ιωνάς, Αθανάσιος
Συγγραφή απο Οργανισμό/Αρχή: Πανεπιστήμιο Αιγαίου Σχολή Κοινωνικών Επιστημών Τμήμα Κοινωνιολογίας
Άλλοι συγγραφείς: Σεβαστάκης, Νικόλας (Εισηγητής διατριβής)
Μορφή: Thesis Βιβλίο
Γλώσσα:Greek
Δημοσίευση: Μυτιλήνη : Πανεπιστήμιο Αιγαίου, Τμήμα Κοινωνιολογίας, [2005]
Θέματα:
Διαθέσιμο Online:http://hdl.handle.net/11610/7722
Ετικέτες: Προσθήκη ετικέτας
Δεν υπάρχουν, Καταχωρήστε ετικέτα πρώτοι!

MARC

LEADER 00000cam a2200000 i 4500
001 1/86013
008 050921s2005 gre d
035 |l 10080439 
040 |a GR-MY-UA  |b gre  |e aacr 
041 0 |a gre 
082 0 |a 303.625  |2 (22) 
100 1 |a Ιωνάς, Αθανάσιος. 
245 1 0 |a Διαστάσεις ασφάλειας στην παγκοσμιοποίηση :  |b όψεις καταστολής και απαντήσεις της πολιτικής : πτυχιακή εργασία /  |c Ιωνάς Αθανάσιος ; υπεύθυνος καθηγητής Σεβαστάκης Νικόλαος 
260 |a Μυτιλήνη :   |b Πανεπιστήμιο Αιγαίου, Τμήμα Κοινωνιολογίας,   |c [2005] 
300 |a 69 σ.;  |c 30 εκ. 
502 |a Πτυχιακή εργασία – Πανεπιστήμιο Αιγαίου, Λέσβος, 2005. 
504 |a Βιβλιογραφία: σ. 67-68 
650 0 0 |a Globalization. 
650 0 0 |a Globalization  |x Political aspects. 
650 0 0 |a Terrorism. 
650 0 0 |a Terrorism  |z Greece. 
650 0 0 |a Terrorism  |x Political aspects. 
650 0 0 |a Dissertations, Academic  |z Greece. 
700 1 |a Σεβαστάκης, Νικόλας.  |4 ths 
710 2 |a Πανεπιστήμιο Αιγαίου  |b Σχολή Κοινωνικών Επιστημών  |b Τμήμα Κοινωνιολογίας. 
852 |a INST  |b LESVOS  |c DIATR  |e 20050921  |h 191  |p 005100032668  |q 005100032668  |t DIE  |y 23 
852 |a INST  |b LESVOS  |c DIATR  |e 20050921  |h 192  |p 005100032669  |q 005100032669  |t DIE  |y 23 
856 |u http://hdl.handle.net/11610/7722 
901 |a BIBL1-2005-2 
909 |a Λ  |b 121122 
909 |a Λ  |b 121123 
924 |a ΙΩΝΑΣ  |b ΑΘΑΝΑΣΙΟΣ  |y ΛΕΣΒΟΣ  |z 2005-01 
970 |a ΜΑΡΙΝΑΤΟΥ  |b ΜΥΡΣΙΝΗ  |z 2005/09/21